[Event "TUR-ch (Women)"]
[Site "Izmir"]
[Date "2023.10.18"]
[Round "4"]
[White "Yuksek, Emek"]
[Black "Tirpan, Ceren"]
[Result "0-1"]
[WhiteElo "1473"]
[BlackElo "1897"]
[PlyCount "59"]
[EventDate "2023.10.16"]
[EventType "tourn"]
[EventRounds "9"]
[EventCountry "TUR"]
[SourceTitle "Mega2024 Update 01"]
[Source "Chessbase"]
[SourceDate "2023.11.12"]
[SourceVersion "1"]
[SourceVersionDate "2023.11.12"]
[SourceQuality "1"]

1. Nf3 d5 2. g3 Nf6 3. Bg2 g6 4. d3 Bg7 5. c4 e6 6. 0-0 0-0 7. Nbd2 c5 8. Rb1 Nc6 9. e4 Qc7 10. a3 Rd8 11. Qc2 dxe4 12. dxe4 a5 13. b3 e5 14. Re1 Nd4 15. Nxd4 cxd4 16. Qd3 Be6 17. b4 axb4 18. axb4 Rdc8 19. Bf1 Bf8 20. c5 b6 21. cxb6 Qxb6 22. Qb5 Qd6 23. Nf3 Nd7 24. Bd2 Rab8 25. Qa6 Rc6 26. Qa5 Rc2 27. Rec1 d3 28. Qa3 Bg4 29. Qa5 Be6 30. b5 0-1

[Event "EU-ch U14 Girls 30th"]
[Site "Antalya"]
[Date "2022.11.08"]
[Round "3"]
[White "Recica, Jona"]
[Black "Tirpan, Ceren"]
[Result "0-1"]
[WhiteElo "1202"]
[BlackElo "1673"]
[PlyCount "44"]
[EventDate "2022.11.06"]
[EventType "swiss"]
[EventRounds "9"]
[EventCountry "TUR"]
[SourceTitle "EXT 2024"]
[Source "ChessBase"]
[SourceDate "2023.10.10"]
[SourceVersion "1"]
[SourceVersionDate "2023.10.10"]
[SourceQuality "1"]

1. e4 c5 2. Nf3 e6 3. d4 cxd4 4. Nxd4 Nc6 5. Nc3 Bb4 6. Be3 Nf6 7. f3 d5 8. Bb5 Bd7 9. Bxc6 bxc6 10. e5 Ng8 11. a3 Ba5 12. Nb3 Bc7 13. f4 Ne7 14. Qd2 Nf5 15. Bf2 h5 16. h3 f6 17. exf6 Qxf6 18. 0-0-0 Nd6 19. Nd4 Qh6 20. f5 Qxd2+ 21. Rxd2 Nxf5 22. Nxf5 0-0 0-1

[Event "EU-ch Schools U13 Girls"]
[Site "Tornelo INT"]
[Date "2021.12.12"]
[Round "8"]
[White "Tirpan, Ceren"]
[Black "Abdinova, Narmin"]
[Result "0-1"]
[WhiteElo "1469"]
[BlackElo "1850"]
[PlyCount "88"]
[EventDate "2021.12.03"]
[EventType "swiss (rapid)"]
[EventRounds "7"]
[EventCountry "NET"]
[SourceTitle "EXT 2023"]
[Source "ChessBase"]
[SourceDate "2022.10.05"]
[SourceVersion "1"]
[SourceVersionDate "2022.10.05"]
[SourceQuality "1"]

1. c4 e5 2. Nc3 Nf6 3. g3 d5 4. cxd5 Nxd5 5. Bg2 Nb6 6. Nf3 Nc6 7. d3 Be6 8. Bd2 Be7 9. Rc1 0-0 10. 0-0 f5 11. a3 a5 12. Na4 e4 13. dxe4 fxe4 14. Nxb6 exf3 15. Nxa8 fxg2 16. Kxg2 Qxa8 17. Bc3 b5 18. f3 b4 19. axb4 axb4 20. Be1 Bd6 21. Bf2 b3 22. Bc5 Rd8 23. Bxd6 Rxd6 24. Qe1 Qa6 25. Qf2 Rd2 26. Rfe1 Rc2 27. Qe3 Qc4 28. Ra1 h6 29. Ra8+ Kh7 30. Re8 Bf5 31. Rf8 Qe6 32. Qf2 Nb4 33. g4 Bg6 34. Kg1 Qd6 35. Ra8 Nd3 36. Qa7 Nxe1 37. Qb8 Nxf3+ 38. Kf1 Qd1+ 39. Kf2 Rxe2+ 40. Kg3 Qe1+ 41. Kf4 Re4+ 42. Kxf3 Qe2+ 43. Kg3 Rxg4+ 44. Kh3 Qg2# 0-1

[Event "EU-ch Schools U13 Girls"]
[Site "Tornelo INT"]
[Date "2021.12.11"]
[Round "4"]
[White "Tirpan, Ceren"]
[Black "Khvadagiani, Kristine"]
[Result "1/2-1/2"]
[WhiteElo "1469"]
[BlackElo "1446"]
[PlyCount "97"]
[EventDate "2021.12.03"]
[EventType "swiss (rapid)"]
[EventRounds "7"]
[EventCountry "NET"]
[SourceTitle "EXT 2023"]
[Source "ChessBase"]
[SourceDate "2022.10.05"]
[SourceVersion "1"]
[SourceVersionDate "2022.10.05"]
[SourceQuality "1"]

1. Nf3 c5 2. c4 Nc6 3. g3 g6 4. Bg2 Bg7 5. Nc3 e6 6. e3 Nge7 7. 0-0 0-0 8. Ne2 d5 9. cxd5 Nxd5 10. d4 cxd4 11. Nexd4 Nxd4 12. Nxd4 Nb6 13. Qe2 Qe7 14. a4 e5 15. Nc2 Be6 16. Re1 Rac8 17. a5 Nc4 18. b3 Nd6 19. Rb1 Qc7 20. Ba3 Rfd8 21. Rec1 Qxa5 22. Bxd6 Rxd6 23. Bxb7 Rb8 24. b4 Qb6 25. Bg2 Rbd8 26. Na3 Rd2 27. Qb5 Qxb5 28. Nxb5 Ba2 29. Ra1 e4 30. Nc3 Bxc3 31. Rxc3 Rd1+ 32. Rxd1 Rxd1+ 33. Bf1 Rb1 34. b5 Be6 35. Kg2 Ra1 36. Rc7 Kg7 37. h4 Kf6 38. Rc6 Ra4 39. Rc7 Kg7 40. Rb7 Kf6 41. Rb8 Kg7 42. Ra8 Bd5 43. Rd8 Be6 44. Rb8 Kf6 45. Be2 Ra2 46. Bd1 Ra1 47. Bc2 Ke5 48. Rd8 Ra2 49. Bd1 1/2-1/2

[Event "EU-ch Schools U13 Girls"]
[Site "Tornelo INT"]
[Date "2021.12.03"]
[Round "1"]
[White "Kirtadze, Anastasia"]
[Black "Tirpan, Ceren"]
[Result "0-1"]
[WhiteElo "1701"]
[BlackElo "1469"]
[PlyCount "92"]
[EventDate "2021.12.03"]
[EventType "swiss (rapid)"]
[EventRounds "7"]
[EventCountry "NET"]
[SourceTitle "EXT 2023"]
[Source "ChessBase"]
[SourceDate "2022.10.05"]
[SourceVersion "1"]
[SourceVersionDate "2022.10.05"]
[SourceQuality "1"]

1. e4 e6 2. d4 d5 3. Nd2 dxe4 4. Nxe4 Nf6 5. Nxf6+ Qxf6 6. Nf3 h6 7. c3 Bd6 8. Be3 Nc6 9. Bb5 Bd7 10. 0-0 0-0 11. c4 Rad8 12. c5 Be7 13. Qe2 a6 14. Bd3 Nb4 15. Bc4 Nd5 16. Bxd5 exd5 17. Qd2 Bf5 18. Ne5 Bxc5 19. g4 Bc8 20. g5 Qf5 21. gxh6 Bd6 22. f3 Bxe5 23. dxe5 Kh7 24. Qd4 gxh6 25. Qh4 Rg8+ 26. Kh1 h5 27. Rf2 Rde8 28. Bd4 Re6 29. Raf1 b6 30. b4 Bd7 31. Re1 Bb5 32. Rc1 Bc4 33. Be3 Rxe5 34. Bd4 Re2 35. Rd1 Rxf2 36. Qxf2 Rg6 37. Re1 Bb5 38. a3 Bd7 39. Rc1 Be6 40. Re1 a5 41. Rf1 axb4 42. axb4 Qd3 43. Ba1 Bh3 44. Rg1 Rxg1+ 45. Kxg1 Qd1+ 46. Qe1 Qxe1# 0-1